mpacto Del Trabajo Comunitario En La Adquisición De Responsabilidad Social (Record no. 737)

MARC details
000 -LEADER
campo de control de longitud fija 02593nam a2200541Ia 4500
001 - NÚMERO DE CONTROL
campo de control 814
008 - DATOS DE LONGITUD FIJA--INFORMACIÓN GENERAL
campo de control de longitud fija 241029s9999 xx 000 0 und d
010 ## - NÚMERO DE CONTROL DE LA BIBLIOTECA DEL CONGRESO
Número de control de LC 737
041 ## - CÓDIGO DE IDIOMA
Código de lengua del texto/banda sonora o título independiente Español
082 ## - NÚMERO DE LA CLASIFICACIÓN DECIMAL DEWEY
Número de clasificación N/A
245 #0 - MENCIÓN DEL TÍTULO
Título mpacto Del Trabajo Comunitario En La Adquisición De Responsabilidad Social
260 ## - PUBLICACIÓN, DISTRIBUCIÓN, ETC.
Lugar de publicación, distribución, etc. La Romana
300 ## - DESCRIPCIÓN FÍSICA
Extensión 60
520 ## - RESUMEN, ETC.
Sumario, etc. 37
520 ## - RESUMEN, ETC.
Sumario, etc. La investigación tuvo  como objetivo general determinar los niveles de incidencia de la labor social (60 horas) en la integración de los estudiantes en la comunidad. Se seleccionó una muestra por disponibilidad de la población de estudiantes del 4to de media de los centros educativos Santa Rosa de Lima Matutino, Liceo Arístides García Mella Matutino y Vespertino Politécnico Calazàn del Distrito Educativo 05-03 de La Romana. Por su naturaleza la investigación es definida por los autores de tipo explorativa- descriptiva.Los resultados de la investigación expresaron que  el nivel de acompañamiento de las instituciones responsables, escuelas y distritos educativos a los estudiantes en la realización de la labor social es muy pobre. Los investigadores creen que si esa limitación se fortalece, se podría obtener mejores resultado tal y como lo espera lo dispuesto por la ordenanza que rige esta actividad.La investigación recomienda que se debe constatar la importancia educativa que tiene el acercar a los alumnos a las instituciones donde se trabaja en proyecto de mejora social, así como lugares necesitados una respuesta solidaria.
630 ## - PUNTO DE ACCESO ADICIONAL DE MATERIA--TÍTULO UNIFORME
Título uniforme Integración Social
630 ## - PUNTO DE ACCESO ADICIONAL DE MATERIA--TÍTULO UNIFORME
Título uniforme Participación Comunitaria
650 ## - PUNTO DE ACCESO ADICIONAL DE MATERIA--TÉRMINO DE MATERIA
Término de materia o nombre geográfico como elemento de entrada Participación Comunitaria
690 ## - PUNTO DE ACCESO ADICIONAL DE MATERIA LOCAL--TÉRMINO DE MATERIA (OCLC, RLIN)
Término de materia o nombre geográfico como elemento inicial Elaborado
700 ## - ENTRADA AGREGADA--NOMBRE PERSONAL
Término indicativo de función/relación asesor
Nombre de persona De Leon, Leandra Irene
700 ## - ENTRADA AGREGADA--NOMBRE PERSONAL
Término indicativo de función/relación autor
Nombre de persona Martínez Rodríguez, Julio Cesar
700 ## - ENTRADA AGREGADA--NOMBRE PERSONAL
Término indicativo de función/relación autor
Nombre de persona López Núñez, Yenni Raulina
901 ## - ELEMENTOS DE DATOS A LOCAL LDA (RLIN)
a {"1":"Martínez Rodríguez","2":"López Núñez"}
b {"1":"Julio Cesar ","2":"Yenni Raulina"}
902 ## - ELEMENTOS DE DATOS B LOCAL, LDB (RLIN)
a 1
903 ## - ELEMENTOS DE DATOS C LOCAL, LDC (RLIN)
a {"1":"De Leon"}
b {"1":"Leandra Irene"}
904 ## - ELEMENTOS DE DATOS D LOCAL, LDD (RLIN)
a Maestría en
905 ## - ELEMENTOS DE DATOS E LOCAL, LDE (RLIN)
a Ciencias Sociales
906 ## - ELEMENTOS DE DATOS F LOCAL, LDF (RLIN)
a 1
907 ## - ELEMENTOS DE DATOS G LOCAL, LDG (RLIN)
a Orientada en
908 ## - COLOCAR PARÁMETRO DE COMANDO (RLIN)
Colocar parámetro de comando Investigación y Enseñanza
909 ## -
-- ISFODOSU, Recinto Juan Vicente Moscoso
910 ## - DATOS DE OPCIÓN DEL USUARIO (OCLC)
Datos de opción del usuario NULL
-- NULL
911 ## - EQUIVALENCIA O REFERENCIA-CRUZADA-NOMBRE DE CONFERENCIA O REUNIÓN/CONGRESO [LOCAL, CANADÁ]
Nombre de congreso/reunión o jurisdicción como elemento de entrada ["1"]
912 ## -
-- NO APLICA
913 ## -
-- NULL
914 ## -
-- 01 de Junio de 2012
915 ## -
-- 29/05/14 08:05
916 ## -
-- NULL
917 ## -
-- NULL
918 ## -
-- NO APLICA
919 ## -
-- ["124","152"]
921 ## -
-- 2
922 ## -
-- 2
923 ## -
-- 0
924 ## -
-- NO APLICA
942 ## - ELEMENTOS DE ENTRADA SECUNDARIOS (KOHA)
Tipo de ítem Koha

No items available.

© 2024. Todos los Derechos Reservados. Desarrollado por IDEICE